logo

Bir Sreshtho Munshi Abdur Rouf Library
Jhenaidah Cadet College

Sportstar / (Record no. 11535)

MARC details
000 -LEADER
fixed length control field 00514nas a2200193 a 4500
005 - DATE AND TIME OF LATEST TRANSACTION
control field 20191207104037.0
008 - FIXED-LENGTH DATA ELEMENTS--GENERAL INFORMATION
fixed length control field 191207b xxu||||| |||| 00| 0 eng d
022 ## - INTERNATIONAL STANDARD SERIAL NUMBER
International Standard Serial Number 0971359x
040 ## - CATALOGING SOURCE
Transcribing agency BD-JhCC
082 ## - DEWEY DECIMAL CLASSIFICATION NUMBER
Classification number 051
Item number SPO
245 ## - TITLE STATEMENT
Title Sportstar /
Statement of responsibility, etc. Edited by Ayon Sengupta
260 ## - PUBLICATION, DISTRIBUTION, ETC.
Place of publication, distribution, etc. Chennai :
Name of publisher, distributor, etc. The Hindu Centre
300 ## - PHYSICAL DESCRIPTION
Extent vol. 42, No. 23.
310 ## - CURRENT PUBLICATION FREQUENCY
Current publication frequency Fortnightly
650 ## - SUBJECT ADDED ENTRY--TOPICAL TERM
Topical term or geographic name entry element Soprts
Form subdivision Periodicals
700 ## - ADDED ENTRY--PERSONAL NAME
Personal name Sengupta, Ayon
856 ## - ELECTRONIC LOCATION AND ACCESS
Uniform Resource Identifier <a href="https://sportstar.thehindu.com/">https://sportstar.thehindu.com/</a>
942 ## - ADDED ENTRY ELEMENTS (KOHA)
Source of classification or shelving scheme Dewey Decimal Classification
Koha item type Continuing Resources
Serial record 1
Holdings
Withdrawn status Lost status Source of classification or shelving scheme Damaged status Not for loan Home library Current library Shelving location Date acquired Total Checkouts Full call number Barcode Date last seen Price effective from Koha item type
    Dewey Decimal Classification     JCC Rouf Library JCC Rouf Library Reference 12/07/2019   051 SPO M1003 12/07/2019 12/07/2019 Continuing Resources

JCC Library | Contacts | JCC Home

Last Update on 23 September 2017
Copyright @ 2017-2020 JCC Rouf Library
Rouf Library, Jhenidah Cadet College (JCC), Bangladesh